000
00206 a2200097 4500
001
4669
100
_a
Morgan M
245
_a
Photo dictionary quick ref guide
260
_a
_b
Morgan
_c
090
_c
3862
_d
3862
942
_a
NUST-CAE
_c
M
_c
30114
999
_c
239742
_d
239742